General systems theory : ideas & applications
Αποθηκεύτηκε σε:
| Κύριος συγγραφέας: | |
|---|---|
| Μορφή: | Βιβλίο |
| Γλώσσα: | English |
| Δημοσίευση: |
Singapore :
World Scientific,
c2001.
|
| Θέματα: | |
| Ετικέτες: |
Προσθήκη ετικέτας
Δεν υπάρχουν, Καταχωρήστε ετικέτα πρώτοι!
|
MARC
| LEADER | 00000cam a2200000 i 4500 | ||
|---|---|---|---|
| 001 | 1/25747 | ||
| 008 | 020713s2001 si | ||| |||| ||eng|| | ||
| 020 | |a 9810241763 |q (χαρτόδετο) | ||
| 035 | |l 10068122 | ||
| 040 | |a GR-MyUa |b gre |e AACR2 | ||
| 041 | 0 | |a eng | |
| 082 | 7 | |a 003 |2 (21) | |
| 100 | 1 | |a Skyttner, Lars. | |
| 245 | 1 | 0 | |a General systems theory : |b ideas & applications / |c Lars Skyttner. |
| 260 | |a Singapore : |b World Scientific, |c c2001. | ||
| 300 | |a xii, 459 σ. : |b εικ. ; |c 23 εκ. | ||
| 504 | |a Περιλαμβάνει βιβλιογραφία: σ. 443-448. Ευρετήριο. | ||
| 650 | 0 | |a System theory. | |
| 852 | |a INST |b SAMOS |e 20020713 |h 003 SKY |p 005300020032 |q 005300020032 |t BK |y 0 | ||
| 852 | |a INST |b SYROS |e 20041129 |h 003 SKY |p 005500003811 |q 005500003811 |t BK |y 0 | ||
| 901 | |a BIBL5-2004-3 | ||
| 901 | |a BIBL3-2002-2 | ||
| 920 | |a Διεύρυνση |b ΕΠΕΑΕΚ-ΤΜΣΠΣ |y Σύρος |z 2004-10 | ||
| 922 | |a 3ΕΛΗ |b 200202 |c ΤΠΕΣ |d Παπασωτηρίου | ||
| 950 | |a 133-2002-02-18 | ||
| 970 | |a Κοσιέρης |b Χρήστος |z 16/07/2002 | ||